Normale Ansicht MARC-Ansicht ISBD

"Viadrina-Abschied mit weinendem Auge". (Titelsatznr. 371431)

[ MARC ]
MARC-Details
000 -Satzkennung
Kontrollfeld mit fester Länge 00890nam a22001697a 4500
008 - Feld mit fester Länge zur physischen Beschreibung - Allgemeine Angaben
Kontrollfeld mit fester Länge 201127b ||||| |||| 00| 0 eng d
040 ## - Katalogisierungsquelle
Original-Katalogisierungsstelle DE-2950
Katalogisierungssprache ger
Übertragungsstelle DE-2950
Beschreibungsfestlegungen rda
041 ## - Sprachcode
Sprachcode des Textes/der Tonspur oder des separaten Titels ger
245 ## - Titel
Haupttitel "Viadrina-Abschied mit weinendem Auge".
Titelzusatz Jobwechsel: Die bisherige Präsidentin der Europa-Universität in Frankfurt (Oder), Julia von Blumenthal, wurde am Dienstag zur Präsidentin der Humboldt-Universität zu Berlin gewählt. Im interview spricht sie über ihre Gefühle und und Ziele. /
Verantwortlichkeitsangabe Dietrich Schröder
264 ## - Veröffentlichungsangabe, Vertriebsangabe, Herstellungsangabe
Erscheinungs-, Vertriebs-, Herstellungsdatum 2022
653 ## - Lokales Schlagwort
Nicht-normierter Term Blumenthal, Julia von; Politologin, Präsidentin der Europa-Universität Viadrina 2018 - 2022, 1970-
773 ## - Übergeordnete Einheit
Ort, Verlag und Erscheinungsjahr Frankfurt (Oder) Märkisches Verlags- und Druckhaus GmbH & Co KG
Titel Märkische Oderzeitung
Verknüpfungsangaben 33. Jahrgang (2022) Nr. 39 vom 16.02.2022, S. 10
942 ## - Zusätzliche Felder (Koha)
Koha-Medientyp Aufsätze
Exemplare
Ausgeschieden Verloren Beschädigt Nicht entleihbar Permanenter Standort Aktueller Standort Aufstellungsort Eingabedatum Anzahl Ausleihen Signatur Letzte Aktivität Preis gültig von Medientyp
        Stadtarchiv Frankfurt (Oder) | Archivbibliothek Stadtarchiv Frankfurt (Oder) | Archivbibliothek Magazin 21/02/2022   Z2 21/02/2022 21/02/2022 Aufsätze